02769mam a2200385 a 45000010008000000030008000080050017000160080041000330100017000740200023000910350023001140350017001370400027001540410013001810500025001940820015002191000022002342400028002562450094002842600051003783000021004294900031004505000088004815040049005695200474006185200453010925200196015455200457017416000032021986500024022306500058022546500020023127000019023328300032023511885289ZXCNNVF20220326193251.0960423s1996 ilu b 000 0 eng  a 96018568  a0226143368 (cloth) a(OCoLC)ocm34752547 a(NNC)1885289 aDLCcDLCdYDXdOrLoB-B1 aenghfre00aBD181.7b.D4713 199600a194bD438a1 aDerrida, Jacques.10aMal d'archive.lEnglish10aArchive fever :ba Freudian impression /cJacques Derrida ; translated by Eric Prenowitz. aChicago :bUniversity of Chicago Press,c1996. a113 p. ;c23 cm.1 aReligion and postmodernism aOriginally presented as a lecture June 5, 1994, at a colloquium in London, England. aIncludes bibliographical references (p. 113) aIn his latest work, Jacques Derrida deftly guides us through an extended meditation on remembrance, religion, time, and technology - all fruitfully occasioned by a deconstructive analysis of the notion of archiving. The archival concept has of late played a pivotal role in critical debate. A place of origin, yet of perpetuity, a place of stasis and order, yet of discovery, the notion of archive houses a fascinating complex of diverse, and often disparate, meanings.8 aAs a depository of civic record and social history whose very name derives from the Greek word for town hall, the archive would seem to be a public entity, yet it is stocked with the personal, even intimate, artifacts of private lives. It is this inherent tension between public and private which inaugurates, for Derrida, an inquiry into the human impulse to preserve, through technology as well as tradition, both a historical and a psychic past.8 aWhat emerges is a marvelous expansive work, engaging at once Judaic mythos, Freudian psychoanalysis, and Marxist materialism in a profound reflection on the real, the unreal, and the virtual.8 aIntrigued by the evocative relationship between technologies of inscription and psychic processes, Derrida offers for the first time a major statement on the pervasive impact of electronic media, particularly e-mail, which threaten to transform the entire public and private space of humanity. Plying this rich material with characteristic virtuosity, Derrida constructs a synergistic reading of archives and archiving, both provocative and compelling.10aFreud, Sigmund,d1856-1939. 0aMemory (Philosophy) 0afilosofíaxmemoriaxpsicoanálisisxFreud, Sigmund 0aPsychoanalysis. aJaques Derrida 0aReligion and postmodernism.